| 000 | 00948nam a2200289 a 4500 | ||
|---|---|---|---|
| 001 | BRCA_380 | ||
| 005 | 20190320203001.0 | ||
| 008 | 090905s1990-------a---###---#000-0#eng-# | ||
| 020 | _a1850431752 | ||
| 050 | 4 |
_aNA6050 _b.P67 1990 |
|
| 100 | 1 |
_aPopham, Peter _91275 |
|
| 245 | 1 | 0 |
_aWooden Temples of Japan _cPeter Popham ; photographs by Francesco Venturi |
| 260 |
_aLondres _bTauris Parke Books _cc1990. |
||
| 300 |
_a128 p. _bil. mapas _c24 cm. |
||
| 440 | 0 |
_aTravel to landmarks _91276 |
|
| 500 | _aIncluye índice | ||
| 500 | _aDonación Fundación Japón | ||
| 650 | 1 | 4 |
_aTemplos budistas _zJapón _91277 |
| 650 | 1 | 4 |
_aTemplos Zen _zJapón _91278 |
| 650 | 1 | 4 |
_asantuarios Shinto _zJapón _91279 |
| 650 | 1 | 4 |
_aConstrucciones de madera _zJapón _91280 |
| 650 | 1 | 4 |
_aArquitectura vernácula _zJapón _91281 |
| 700 | 1 |
_aVenturi, Francesco _91282 |
|
| 902 | _aDFJ | ||
| 942 |
_2lcc _cB |
||
| 999 |
_c316 _d316 |
||